Handball DKB Bundesliga Teams - Statistiken

Allgemein
  • Dieses Quiz wurde 793 mal gespielt
  • Das Durchschnittsergebnis liegt bei 12 aus 18
Antwortstatistiken
Antwort % Korrekt
5. THW Kiel
98%
3. Füchse Berlin
93%
2. Rhein-Neckar Löwen
93%
1. SG Flensburg-Handewitt
92%
4. SC Magdeburg
89%
6. TSV Hannover-Burgdorf
75%
14. TVB 1898 Stuttgart
74%
7. MT Melsungen
73%
8. SC DHfK Leipzig
72%
15. VfL Gummersbach
72%
9. TBV Lemgo
70%
10. Frisch Auf! Göppingen
67%
11. HSG Wetzlar
59%
13. HC Erlangen
58%
12. TSV GWD Minden
51%
16. Die Eulen Ludwigshafen
41%
17. TuS N-Lübbecke
24%
18. TV Hüttenberg
19%
Keine übereinstimmenden Quizze gefunden
Verteilung der Resultate
Anzahl Personen mit jedem Resultat
Perzentil nach korrekt beantworteten Fragen
Ihre Resultats-Entwicklung
Sie haben dieses Quiz noch nicht gespielt